00505nam a2200193 a 4500001001300000003000900013005001700022008004100039020001000080082001600090100001500106245004800121260004300169300000900212500003500221505001900256650002100275700001500296nice12345678IN_TiNIC20260116013549.0050524s1969 ista grp 000 0 ara  ac10000a297.4bARA1 aArabi, Ibn aAl-Bulga Fi`l-Hikmeb Felsefede Yeterlilik. aIstanbulbUniversity of Istanbulc1969 a288p aincludes index and biblioraphy2 aArabic-English aSufism-Ibn Arabi1 aArabi, Ibn